<?xml version="1.0" encoding="UTF-8"?>
<record
    xmlns:xsi="http://www.w3.org/2001/XMLSchema-instance"
    xsi:schemaLocation="http://www.loc.gov/MARC21/slim http://www.loc.gov/standards/marcxml/schema/MARC21slim.xsd"
    xmlns="http://www.loc.gov/MARC21/slim">

  <leader>01360nam a22002657a 4500</leader>
  <controlfield tag="005">20170124103204.0</controlfield>
  <datafield tag="010" ind1=" " ind2=" ">
    <subfield code="a">B-187249</subfield>
  </datafield>
  <datafield tag="020" ind1=" " ind2=" ">
    <subfield code="c">00.00</subfield>
    <subfield code="a">8174874089</subfield>
  </datafield>
  <datafield tag="035" ind1=" " ind2=" ">
    <subfield code="a">B-187249</subfield>
  </datafield>
  <datafield tag="037" ind1=" " ind2=" ">
    <subfield code="b">Cen Lib/Ret</subfield>
  </datafield>
  <datafield tag="040" ind1=" " ind2=" ">
    <subfield code="a">DPL</subfield>
    <subfield code="b">HN</subfield>
  </datafield>
  <datafield tag="082" ind1=" " ind2=" ">
    <subfield code="a">230.91</subfield>
    <subfield code="b">&#x926;&#x940;&#x915;&#x94D;&#x937;&#x93F;&#x924; </subfield>
  </datafield>
  <datafield tag="100" ind1=" " ind2=" ">
    <subfield code="a">&#x926;&#x940;&#x915;&#x94D;&#x937;&#x93F;&#x924;, &#x930;&#x93E;&#x927;&#x93E;&#x915;&#x943;&#x937;&#x94D;&#x923; </subfield>
    <subfield code="9">44529</subfield>
  </datafield>
  <datafield tag="245" ind1=" " ind2=" ">
    <subfield code="a">&#x906;&#x926;&#x93F;&#x924;&#x940;&#x930;&#x94D;&#x925; &#x938;&#x942;&#x915;&#x930;&#x915;&#x94D;&#x937;&#x947;&#x924;&#x94D;&#x930; /</subfield>
    <subfield code="c">&#x930;&#x93E;&#x927;&#x93E;&#x915;&#x943;&#x937;&#x94D;&#x923; &#x926;&#x940;&#x915;&#x94D;&#x937;&#x93F;&#x924; [&#x914;&#x930;] &#x92E;&#x93F;&#x925;&#x93F;&#x932;&#x947;&#x936; &#x92A;&#x93E;&#x923;&#x94D;&#x921;&#x947;&#x92F; </subfield>
  </datafield>
  <datafield tag="246" ind1=" " ind2=" ">
    <subfield code="a">Aditeerth sookarshetr /</subfield>
    <subfield code="b">by Radhakrishna Dikshit [aur] Mithilesh Pandey </subfield>
  </datafield>
  <datafield tag="260" ind1=" " ind2=" ">
    <subfield code="a">&#x928;&#x908; &#x926;&#x93F;&#x932;&#x94D;&#x932;&#x940; </subfield>
    <subfield code="b">&#x930;&#x93E;&#x927;&#x93E; &#x92A;&#x92C;&#x94D;&#x932;&#x93F;&#x915;&#x947;&#x936;&#x928;&#x94D;&#x938; </subfield>
    <subfield code="c">2005</subfield>
  </datafield>
  <datafield tag="270" ind1=" " ind2=" ">
    <subfield code="b">&#x928;&#x908; &#x926;&#x93F;&#x932;&#x94D;&#x932;&#x940; </subfield>
    <subfield code="a">4231/1, &#x905;&#x902;&#x938;&#x93E;&#x930;&#x940; &#x930;&#x94B;&#x921;, &#x926;&#x930;&#x93F;&#x92F;&#x93E;&#x917;&#x902;&#x91C;</subfield>
    <subfield code="e">110002</subfield>
  </datafield>
  <datafield tag="300" ind1=" " ind2=" ">
    <subfield code="a">412&#x92A;&#x943;. :</subfield>
    <subfield code="c">20&#x938;&#x947;&#x92E;&#x940;(&#x938;&#x91C;&#x93F;&#x932;&#x94D;&#x926;)</subfield>
    <subfield code="b">&#x938;&#x91A;&#x93F;&#x924;&#x94D;&#x930; </subfield>
  </datafield>
  <datafield tag="650" ind1=" " ind2=" ">
    <subfield code="a">&#x938;&#x942;&#x915;&#x930;&#x915;&#x94D;&#x937;&#x947;&#x924;&#x94D;&#x930; -- &#x91C;&#x932;&#x935;&#x93E;&#x92F;&#x941; </subfield>
    <subfield code="9">5755</subfield>
  </datafield>
  <datafield tag="650" ind1=" " ind2=" ">
    <subfield code="a">&#x938;&#x942;&#x915;&#x930;&#x915;&#x94D;&#x937;&#x947;&#x924;&#x94D;&#x930; -- &#x92E;&#x93F;&#x91F;&#x94D;&#x91F;&#x940; &#x90F;&#x935;&#x902; &#x935;&#x928;&#x938;&#x94D;&#x92A;&#x924;&#x93F;&#x92F;&#x93E;&#x901; </subfield>
    <subfield code="9">93245</subfield>
  </datafield>
  <datafield tag="650" ind1=" " ind2=" ">
    <subfield code="a">Sukrkshetr - Climate</subfield>
    <subfield code="9">93246</subfield>
  </datafield>
  <datafield tag="650" ind1=" " ind2=" ">
    <subfield code="a">Sukrkshetr - soil and vegetation</subfield>
    <subfield code="9">93247</subfield>
  </datafield>
  <datafield tag="700" ind1=" " ind2=" ">
    <subfield code="a">&#x92A;&#x93E;&#x923;&#x94D;&#x921;&#x947;&#x92F;, &#x92E;&#x93F;&#x925;&#x93F;&#x932;&#x947;&#x936; </subfield>
    <subfield code="9">93248</subfield>
  </datafield>
  <datafield tag="942" ind1=" " ind2=" ">
    <subfield code="2">ddc</subfield>
    <subfield code="c">HN</subfield>
    <subfield code="h">230.91</subfield>
    <subfield code="m">&#x926;&#x940;&#x915;&#x94D;&#x937;&#x93F;&#x924; </subfield>
  </datafield>
  <datafield tag="999" ind1=" " ind2=" ">
    <subfield code="c">120887</subfield>
    <subfield code="d">120887</subfield>
  </datafield>
  <datafield tag="952" ind1=" " ind2=" ">
    <subfield code="0">0</subfield>
    <subfield code="1">0</subfield>
    <subfield code="4">0</subfield>
    <subfield code="7">0</subfield>
    <subfield code="a">L</subfield>
    <subfield code="b">L</subfield>
    <subfield code="d">2015-09-29</subfield>
    <subfield code="e">Cen Lib/Ret</subfield>
    <subfield code="g">0.00</subfield>
    <subfield code="l">1</subfield>
    <subfield code="o">230.91 &#x926;&#x940;&#x915;&#x94D;&#x937;&#x93F;&#x924;</subfield>
    <subfield code="p">B-187249</subfield>
    <subfield code="r">2018-11-02 00:00:00</subfield>
    <subfield code="s">2018-10-29</subfield>
    <subfield code="t">1</subfield>
    <subfield code="v">0.00</subfield>
    <subfield code="w">2015-09-29</subfield>
    <subfield code="y">HN</subfield>
  </datafield>
</record>
